Monarchien in Asien (im 20. Jahrhundert) - Statistiken

Allgemein
  • Dieses Quiz wurde 13 mal gespielt
  • Das Durchschnittsergebnis liegt bei 12 aus 18
Antwortstatistiken
Ende Land % Korrekt
1958 Irak
83%
1945 Mandschukuo
83%
1979 Persien
83%
1912 China
75%
1910 Korea
75%
1933 Syrien
75%
1972 Ceylon
67%
1948 Hyderabad
67%
1950 Indien
67%
1975 Laos
67%
1945 Nguyễn-Dynastie
67%
1975 Sikkim
67%
1973 Afghanistan
58%
1962 Jemen
58%
1922 Osmanisches Reich
58%
2008 Nepal
50%
1968 Malediven
42%
1956 Pakistan
42%
Keine übereinstimmenden Quizze gefunden
Verteilung der Resultate
Anzahl Personen mit jedem Resultat
Perzentil nach korrekt beantworteten Fragen
Ihre Resultats-Entwicklung
Sie haben dieses Quiz noch nicht gespielt